[Event "Bristol winter Congress 2017 FIDE Open"]
[Site "Bristol"]
[Date "2017.11.25"]
[Round "2.1"]
[White "Cordner, David A"]
[Black "Arkell, Keith C"]
[Result "0-1"]
[WhiteElo "1987"]
[BlackElo "2416"]
[PlyCount "90"]
[EventDate "2017.11.24"]
[SourceDate "2015.12.09"]

1. d4 Nf6 2. Bg5 e6 3. Nf3 c5 4. e3 cxd4 5. exd4 Be7 6. Bd3 b6 7. O-O Bb7 8.
Nbd2 O-O 9. Re1 d6 10. c3 Nbd7 11. Qe2 Re8 12. Ba6 Qc8 13. Bxb7 Qxb7 14. Rad1
b5 15. a3 h6 16. Bxf6 Nxf6 17. Ne4 a5 18. Nxf6+ Bxf6 19. Nd2 Be7 20. h3 Qd5 21.
Qe4 Qxe4 22. Nxe4 d5 23. Ng3 b4 24. axb4 axb4 25. Ra1 g5 26. Kf1 Rec8 27. Ne2
h5 28. g4 Kg7 29. Kg2 Bd6 30. Kf3 Rh8 31. Rxa8 Rxa8 32. Ng3 h4 33. Ne2 f5 34.
Rg1 Kf6 35. Re1 Ra2 36. Rb1 bxc3 37. Nxc3 Ra8 38. gxf5 Kxf5 39. Nd1 g4+ 40.
hxg4+ Kg5 41. Kg2 Kxg4 42. Ne3+ Kf4 43. Kh3 Kf3 44. Ng2 Kxf2 45. Nxh4 Rg8 0-1

[Event "Bristol winter Congress 2017 FIDE Open"]
[Site "Bristol"]
[Date "2017.11.25"]
[Round "2.2"]
[White "Bogdan, Horia D"]
[Black "Musson, Adam J"]
[Result "0-1"]
[WhiteElo "1956"]
[BlackElo "2030"]
[PlyCount "40"]
[EventDate "2017.11.24"]
[SourceDate "2015.12.09"]

1. d4 Nf6 2. Bg5 d5 3. Bxf6 exf6 4. c4 Bb4+ 5. Nc3 O-O 6. Qb3 Nc6 7. O-O-O dxc4
8. Qxc4 Qd6 9. g3 Bxc3 10. bxc3 Qa3+ 11. Kb1 Bf5+ 12. Rd3 Na5 13. Qb5 Bxd3+ 14.
Qxd3 b5 15. Nf3 b4 16. cxb4 Qxb4+ 17. Ka1 Rab8 18. Qc2 Rb6 19. Bh3 Rfb8 20. Bf5
Qa3 0-1

[Event "Bristol winter Congress 2017 FIDE Open"]
[Site "Bristol"]
[Date "2017.11.25"]
[Round "2.3"]
[White "French, Max"]
[Black "Smith, Chris A"]
[Result "1-0"]
[WhiteElo "2007"]
[BlackElo "1952"]
[PlyCount "103"]
[EventDate "2017.11.24"]
[SourceDate "2015.12.09"]

1. d4 d5 2. c4 c6 3. cxd5 cxd5 4. Nc3 Nf6 5. Bf4 a6 6. e3 Nc6 7. Bd3 Qb6 8. Qd2
Bg4 9. Nf3 Bxf3 10. gxf3 e6 11. O-O Nh5 12. Bg3 Nxg3 13. hxg3 Be7 14. Kg2 Bf6
15. Rac1 Rd8 16. f4 Ne7 17. Na4 Qd6 18. Nc5 Rb8 19. Qb4 Nc6 20. Qa4 O-O 21.
Nxb7 Qb4 22. Qxc6 Qxb7 23. b3 a5 24. Qxb7 Rxb7 25. Rc5 a4 26. bxa4 Rb2 27. a5
Rxa2 28. a6 g6 29. Rb1 Ra3 30. Be2 Ra2 31. Bf1 g5 32. fxg5 Bxg5 33. Kf3 h5 34.
Rc7 h4 35. gxh4 Bxh4 36. Be2 Kg7 37. a7 Kg6 38. Rbb7 Kf6 39. Rc6 Bxf2 40. Rb8
Kg7 41. Rxf8 Rxa7 42. Rfc8 Bg1 43. Ba6 e5 44. dxe5 Re7 45. e6 Bxe3 46. Kxe3 d4+
47. Kxd4 Kh7 48. Ke5 Kg7 49. R8c7 Re8 50. Rxf7+ Kg8 51. Kf6 Kh8 52. Rc8 1-0

[Event "Bristol winter Congress 2017 FIDE Open"]
[Site "Bristol"]
[Date "2017.11.25"]
[Round "2.4"]
[White "Beaumont, Chris R"]
[Black "Cherupalli, Ramprasad"]
[Result "0-1"]
[WhiteElo "2270"]
[BlackElo "1856"]
[PlyCount "94"]
[EventDate "2017.11.24"]
[SourceDate "2015.12.09"]

1. Nf3 d5 2. d4 c6 3. c4 Nf6 4. Qc2 g6 5. Bf4 Bg7 6. e3 Bf5 7. Qb3 Qb6 8. Nc3
Nbd7 9. Be2 O-O 10. O-O dxc4 11. Bxc4 Qxb3 12. Bxb3 Nh5 13. Bg5 Rfe8 14. e4 Be6
15. Bxe6 fxe6 16. e5 Bf8 17. g4 Ng7 18. Ne4 Red8 19. Nfd2 Ne8 20. Nb3 Rab8 21.
Rfd1 Nc7 22. Rac1 Nb6 23. Bd2 h6 24. Ba5 Bg7 25. Nbc5 Kf7 26. Rd3 Nbd5 27. Bxc7
Nxc7 28. a4 g5 29. h4 Kg6 30. b4 b6 31. Nb3 Bxe5 32. hxg5 hxg5 33. Rxc6 Bf4 34.
Nc3 Kf7 35. Rf3 Rbc8 36. Ne4 Kg6 37. Rfc3 Rd7 38. a5 Rb8 39. axb6 axb6 40. Rc2
Kf7 41. Ra2 Nd5 42. b5 Nb4 43. Rac2 Nxc2 44. Rxc2 Rbb7 45. Kg2 Rdc7 46. Re2 Rc4
47. Ra2 Rb4 0-1

[Event "Bristol winter Congress 2017 FIDE Open"]
[Site "Bristol"]
[Date "2017.11.25"]
[Round "2.5"]
[White "Kramaley, David"]
[Black "Martin, Lewis"]
[Result "0-1"]
[WhiteElo "1839"]
[BlackElo "2068"]
[PlyCount "87"]
[EventDate "2017.11.24"]
[SourceDate "2015.12.09"]

1. e4 c5 2. Nf3 d6 3. Bb5+ Nd7 4. O-O Ngf6 5. Re1 a6 6. Bf1 g6 7. a4 b6 8. Nc3
Bb7 9. g3 Bg7 10. Bg2 O-O 11. h3 b5 12. axb5 axb5 13. Rxa8 Qxa8 14. Nxb5 Bxe4
15. Nc3 Bc6 16. Rxe7 Ne5 17. Nh4 Bxg2 18. Nxg2 Nh5 19. g4 Nf3+ 20. Kf1 Nh4 21.
Ne4 Nxg2 22. gxh5 Nh4 23. Qg4 Nf5 24. Rd7 Qa1 25. hxg6 Qxc1+ 26. Kg2 hxg6 27.
h4 Qxc2 28. h5 Re8 29. Ng5 Nh6 30. Qg3 Be5 31. Qe3 Qf5 32. Rb7 Ng4 33. Qf3
Qxf3+ 34. Kxf3 gxh5 35. Rxf7 Bf6 36. Rh7 Bxg5 37. Rxh5 Ne5+ 38. Ke4 Bxd2 39.
Kf5 Kg7 40. f4 Nf7 41. Rh2 Nh6+ 42. Kg5 Re5+ 43. Kh4 Be1+ 44. Kh3 0-1

[Event "Bristol winter Congress 2017 FIDE Open"]
[Site "Bristol"]
[Date "2017.11.25"]
[Round "2.6"]
[White "Fowler, Hugo"]
[Black "Muller, Anton M"]
[Result "1-0"]
[WhiteElo "1780"]
[BlackElo "1967"]
[PlyCount "69"]
[EventDate "2017.11.24"]
[SourceDate "2015.12.09"]

1. e4 c5 2. c3 g6 3. d4 cxd4 4. cxd4 d5 5. exd5 Nf6 6. Nc3 Nxd5 7. Nf3 Bg7 8.
h3 O-O 9. Bc4 Nxc3 10. bxc3 Qc7 11. Qe2 Be6 12. Nd2 Bxc4 13. Qxc4 Qxc4 14. Nxc4
Rc8 15. Ne3 e6 16. Bd2 Nc6 17. Rb1 Na5 18. Ke2 b6 19. f4 Nc4 20. Ng4 Nd6 21.
Kd3 Rc7 22. Rhc1 Rac8 23. Be3 Nc4 24. Bf2 Nd6 25. Rb2 h5 26. Ne3 Bh6 27. Bg3 f5
28. Rbc2 Bg7 29. Nf1 Nb5 30. Be1 Bh6 31. Bg3 Bg7 32. Nh2 Rc4 33. Nf3 Kf7 34.
Bh4 Bf8 35. Ne5+ 1-0

[Event "Bristol winter Congress 2017 FIDE Open"]
[Site "Bristol"]
[Date "2017.11.25"]
[Round "2.7"]
[White "Howell, Oliver W"]
[Black "Littleton, Mark"]
[Result "1-0"]
[WhiteElo "1757"]
[BlackElo "1955"]
[PlyCount "73"]
[EventDate "2017.11.24"]
[SourceDate "2015.12.09"]

1. Nf3 Nf6 2. c4 e6 3. g3 d5 4. Bg2 Be7 5. O-O O-O 6. b3 Nbd7 7. Bb2 c6 8. Nc3
b6 9. d4 Ba6 10. cxd5 cxd5 11. Re1 Rc8 12. Ne5 Bb4 13. Rc1 Qe7 14. a3 Bd6 15.
Nxd7 Nxd7 16. e4 dxe4 17. Bxe4 Nf6 18. d5 e5 19. Bf5 Rc7 20. Ne4 Rxc1 21. Bxc1
Nxe4 22. Rxe4 g6 23. Bh6 Rd8 24. Rg4 Bc8 25. Bxc8 Rxc8 26. Re4 Bxa3 27. Qe2 Bd6
28. f4 f5 29. Bg5 Qc7 30. fxe5 fxe4 31. exd6 Qxd6 32. Qxe4 Qc5+ 33. Be3 Qf8 34.
Qe6+ Kg7 35. Bd4+ Kh6 36. Qh3+ Kg5 37. Qh4+ 1-0

[Event "Bristol winter Congress 2017 FIDE Open"]
[Site "Bristol"]
[Date "2017.11.25"]
[Round "2.8"]
[White "Price, Andrew"]
[Black "Holton, Jake"]
[Result "1/2-1/2"]
[WhiteElo "1755"]
[BlackElo "1916"]
[PlyCount "93"]
[EventDate "2017.11.24"]
[SourceDate "2015.12.09"]

1. e4 c5 2. Nf3 e6 3. d4 cxd4 4. Nxd4 Nc6 5. Be3 Nf6 6. Nd2 Be7 7. f4 d5 8. e5
Ne4 9. Nxe4 dxe4 10. Nxc6 bxc6 11. c3 Qxd1+ 12. Rxd1 f5 13. exf6 gxf6 14. Bc4
h5 15. Kf2 c5 16. Bb5+ Kf7 17. Bc6 Rb8 18. Bxe4 Rxb2+ 19. Rd2 Rxd2+ 20. Bxd2
Rd8 21. Be3 Ba6 22. Bf3 Kg6 23. Be2 Bxe2 24. Kxe2 a6 25. Rb1 c4 26. Rb7 Bd6 27.
Rb6 Kf5 28. Rxa6 Ke4 29. g3 e5 30. fxe5 Bxe5 31. Ra4 Kd5 32. Ra5+ Ke6 33. Rc5
Ra8 34. Rxc4 Rxa2+ 35. Bd2 h4 36. gxh4 Bxh2 37. Kd3 Ra5 38. Re4+ Kf7 39. Bf4
Bg1 40. Be3 Bh2 41. Bd4 Bg3 42. Rg4 Bd6 43. Rg1 Rh5 44. Bf2 Rf5 45. Be3 Rh5 46.
Bf2 Rf5 47. Be3 1/2-1/2

[Event "Bristol winter Congress 2017 FIDE Open"]
[Site "Bristol"]
[Date "2017.11.25"]
[Round "2.9"]
[White "Svyatoslav, Vorobyev"]
[Black "Varney, Daniel"]
[Result "1-0"]
[WhiteElo "1903"]
[BlackElo "1746"]
[PlyCount "55"]
[EventDate "2017.11.24"]
[SourceDate "2015.12.09"]

1. e4 d6 2. d4 Nf6 3. Nc3 g6 4. Bg5 Bg7 5. e5 dxe5 6. dxe5 Qxd1+ 7. Rxd1 Nfd7
8. Nd5 Bxe5 9. Nf3 Bd6 10. Bxe7 Nb6 11. Bxd6 Nxd5 12. Be5 f6 13. Rxd5 fxe5 14.
Rxe5+ Kf7 15. Bc4+ Kf6 16. O-O Nc6 17. Re3 Bf5 18. c3 Rad8 19. Rfe1 a6 20. h3
h5 21. b4 Rh7 22. Nh4 Rhd7 23. Nxf5 gxf5 24. Re6+ Kg7 25. Bxa6 Nxb4 26. cxb4
bxa6 27. Rxa6 Rd2 28. Re7+ 1-0

[Event "Bristol winter Congress 2017 FIDE Open"]
[Site "Bristol"]
[Date "2017.11.25"]
[Round "2.10"]
[White "Lampard, Alice"]
[Black "Turner, Joseph David"]
[Result "1-0"]
[WhiteElo "1647"]
[BlackElo "1899"]
[PlyCount "159"]
[EventDate "2017.11.24"]
[SourceDate "2015.12.09"]

1. d4 d5 2. c4 Nc6 3. Nf3 Bg4 4. e3 e5 5. Be2 Bb4+ 6. Nc3 Nf6 7. O-O Bxc3 8.
bxc3 dxc4 9. Nd2 Bxe2 10. Qxe2 b5 11. a4 a6 12. Qf3 Qd5 13. Qxd5 Nxd5 14. axb5
Na7 15. bxa6 exd4 16. exd4 Nb6 17. Re1+ Kd7 18. Nf3 f6 19. Ba3 Rhe8 20. Bc5 Nb5
21. Rxe8 Rxe8 22. Bb4 Nd5 23. Ra4 Ra8 24. Nd2 Nbxc3 25. Bxc3 Nxc3 26. Rxc4 Nb5
27. Ne4 f5 28. Nc5+ Kd6 29. Nb7+ Kd7 30. Kf1 Na3 31. Rc1 Nb5 32. Rc5 c6 33. d5
Rxa6 34. dxc6+ Kc7 35. Rxb5 Kxc6 36. Rb1 Ra2 37. g3 Kd7 38. Re1 Rb2 39. Nc5+
Kd6 40. Nd3 Ra2 41. Nf4 g5 42. Ne2 Ra7 43. Ng1 Rf7 44. Nh3 h6 45. Kg2 f4 46.
gxf4 g4 47. Ng1 Rxf4 48. Re8 h5 49. Ne2 Rf7 50. Rh8 Rf5 51. Ng3 Ra5 52. Rxh5
Ra4 53. Ne2 Ke7 54. Rf5 Ra2 55. Nf4 Ra3 56. Rg5 Kf6 57. Rxg4 Kf5 58. Rg3 Ra8
59. Ne2 Rh8 60. h3 Rh7 61. f3 Rh8 62. Rg4 Rh7 63. Kg3 Ra7 64. h4 Ra1 65. Rg5+
Kf6 66. Kg4 Re1 67. Ng3 Rg1 68. f4 Rg2 69. Kh3 Ra2 70. h5 Ra4 71. Rg6+ Kf7 72.
Kg4 Ra2 73. f5 Rh2 74. h6 Kf8 75. Ne4 Rg2+ 76. Kf4 Rh2 77. Ke5 Kf7 78. Ng5+ Ke7
79. f6+ Kf8 80. Nh7+ 1-0

[Event "Bristol winter Congress 2017 FIDE Open"]
[Site "Bristol"]
[Date "2017.11.25"]
[Round "2.11"]
[White "Borkowski, J Andrew"]
[Black "Hosdurga, Chirag"]
[Result "0-1"]
[WhiteElo "1870"]
[BlackElo "1460"]
[PlyCount "98"]
[EventDate "2017.11.24"]
[SourceDate "2015.12.09"]

1. Nf3 d5 2. e3 c5 3. d4 e6 4. c3 Nf6 5. Ne5 Nbd7 6. f4 Ne4 7. Qf3 Be7 8. Nd2
Nxd2 9. Bxd2 Nxe5 10. fxe5 O-O 11. Bd3 f5 12. O-O Bd7 13. g4 g6 14. gxf5 gxf5
15. Kh1 Kh8 16. Rg1 Qe8 17. Rg2 Qf7 18. Rag1 Bc6 19. Be1 Rg8 20. Bg3 a6 21. Bf4
Rxg2 22. Rxg2 Rg8 23. Kg1 Rxg2+ 24. Qxg2 Qg6 25. Kf2 Bb5 26. Bxb5 axb5 27. Bg3
c4 28. a3 Qg4 29. Qf3 h5 30. Bf4 Kg7 31. h3 Bh4+ 32. Bg3 Qxh3 33. Bxh4 Qxh4+
34. Qg3+ Qxg3+ 35. Kxg3 Kg6 36. Kh4 b6 37. Kh3 Kg5 38. Kg3 h4+ 39. Kf3 b4 40.
cxb4 b5 41. Kf2 Kg4 42. a4 bxa4 43. b5 a3 44. bxa3 c3 45. b6 c2 46. b7 c1=Q 47.
b8=Q Qd2+ 48. Kg1 Qe1+ 49. Kh2 Qf2+ 0-1

[Event "Bristol winter Congress 2017 FIDE Open"]
[Site "Bristol"]
[Date "2017.11.25"]
[Round "2.12"]
[White "Waterfield, John W"]
[Black "Anderson, Peter W"]
[Result "1/2-1/2"]
[WhiteElo "1947"]
[BlackElo "1949"]
[PlyCount "49"]
[EventDate "2017.11.24"]
[SourceDate "2015.12.09"]

1. e4 g6 2. d4 Bg7 3. Nc3 d6 4. f4 a6 5. Nf3 b5 6. Bd3 Nd7 7. e5 Nh6 8. Ne4 O-O
9. O-O f6 10. exd6 exd6 11. a4 Bb7 12. Ng3 f5 13. axb5 axb5 14. Rxa8 Qxa8 15.
Bxb5 Nb6 16. c3 Ng4 17. Re1 Bxf3 18. Qxf3 Qxf3 19. gxf3 Nf6 20. Bc6 Kf7 21. b3
Nbd5 22. Bd2 Rb8 23. c4 Nb4 24. Bxb4 Rxb4 25. Ba4 1/2-1/2

[Event "Bristol winter Congress 2017 FIDE Open"]
[Site "Bristol"]
[Date "2017.11.25"]
[Round "2.13"]
[White "Stubbs, Oliver"]
[Black "Johnson, Richard J"]
[Result "1/2-1/2"]
[WhiteElo "1445"]
[BlackElo "1930"]
[PlyCount "92"]
[EventDate "2017.11.24"]
[SourceDate "2015.12.09"]

1. d4 d6 2. e4 g6 3. Nc3 Bg7 4. Be3 Nf6 5. f3 c6 6. Qd2 Qa5 7. O-O-O b5 8. e5
b4 9. exf6 bxc3 10. fxg7 cxd2+ 11. Bxd2 Qxd2+ 12. Rxd2 Rg8 13. Ne2 Nd7 14. Nc3
Nf6 15. Bc4 Bb7 16. Re1 Rxg7 17. Rde2 Ng8 18. f4 Kd7 19. g4 e6 20. Bd3 Nf6 21.
h3 Re8 22. f5 gxf5 23. gxf5 Nh5 24. fxe6+ fxe6 25. Rf2 Reg8 26. Ref1 Ng3 27.
Rf7+ Kc8 28. Rxg7 Rxg7 29. Rf6 Kd7 30. Rh6 Nf5 31. Bxf5 exf5 32. Rf6 Ke7 33.
Rxf5 Bc8 34. Rf3 Rg1+ 35. Kd2 Rh1 36. Rg3 Rh2+ 37. Ne2 Kf6 38. Ke3 Rxh3 39.
Rxh3 Bxh3 40. Kf4 Bf5 41. c3 h5 42. Ng3 Bg6 43. a3 h4 44. Nf1 Bf5 45. Ne3 Be6
46. Nf1 Bf5 1/2-1/2

[Event "Bristol winter Congress 2017 FIDE Open"]
[Site "Bristol"]
[Date "2017.11.25"]
[Round "2.14"]
[White "Jukes, Sam"]
[Black "Di-Vetta, Andrew"]
[Result "1/2-1/2"]
[WhiteElo "1745"]
[BlackElo "1611"]
[PlyCount "127"]
[EventDate "2017.11.24"]
[SourceDate "2015.12.09"]

1. e4 c5 2. d4 cxd4 3. c3 d5 4. exd5 Qxd5 5. cxd4 Nc6 6. Nf3 e5 7. Nc3 Bb4 8.
Bd2 Bxc3 9. Bxc3 e4 10. Ne5 Nxe5 11. dxe5 Ne7 12. Qxd5 Nxd5 13. O-O-O Nxc3 14.
bxc3 O-O 15. Bc4 Be6 16. Bd5 Rac8 17. Kb2 Rc5 18. Bxe4 Rxe5 19. Rhe1 Rb5+ 20.
Ka1 Ra5 21. Rd2 b6 22. f4 g6 23. Bb1 Rc8 24. Re3 Rac5 25. Kb2 Rb5+ 26. Kc1 Kg7
27. Be4 Rbc5 28. Kb2 b5 29. Bc2 a5 30. Bb3 Bc4 31. Bxc4 Rxc4 32. g3 b4 33. cxb4
Rxb4+ 34. Rb3 Re4 35. Rb5 a4 36. a3 Rce8 37. Rb4 Kh6 38. Kc3 Re3+ 39. Rd3 Re2
40. Rxa4 Rxh2 41. Ra7 Rc8+ 42. Kb3 Rb8+ 43. Kc3 Rc8+ 44. Kb3 Rb8+ 45. Kc4 Kg7
46. Rdd7 Rf8 47. Rab7 h5 48. Kb3 h4 49. gxh4 Rxh4 50. Rb4 Ra8 51. a4 Rh3+ 52.
Kc4 Ra3 53. Kb5 Kf6 54. Rdd4 Kf5 55. Kb6 Rb8+ 56. Kc7 Rxb4 57. Rxb4 f6 58. Kb6
g5 59. fxg5 fxg5 60. a5 g4 61. a6 g3 62. a7 g2 63. Rb5+ Kg4 64. Rb4+ 1/2-1/2